| 000 | 01015nac a22002771u 4500 | ||
|---|---|---|---|
| 010 | _a 88008944 | ||
| 020 | _a0070380236 | ||
| 082 | 0 | 0 |
_a512.5 _bLIP |
| 090 |
_c9401 _d9401 |
||
| 100 | _aLipschutz, Seymour. | ||
| 245 | 1 | 0 |
_a3000 solved problems in linear algebra / _cby Seymour Lipschutz. |
| 260 |
_aNew York : _bMcGraw-Hill,1989 _cc1989. |
||
| 300 |
_avii, 480 p. : _bill. ; _c28 cm. |
||
| 440 | 0 | _aSchaum's solved problems series | |
| 500 | _adistributer: Al-Ahram | ||
| 511 | _acatalogued by: wessam | ||
| 650 | 0 |
_aAlgebras, Linear _xProblems, exercises, etc. |
|
| 740 | 0 | _aThree thousand solved problems in linear algebra. | |
| 740 | 0 | _aLinear algebra. | |
| 856 | 4 | 2 |
_3Publisher description _uhttp://www.loc.gov/catdir/description/mh031/88008944.html |
| 856 | 4 | 2 |
_3Table of contents _uhttp://www.loc.gov/catdir/toc/mh021/88008944.html |
| 942 |
_cBB _k512.5LIP _hRDA-MOD |
||
| 999 |
_c9401 _d9401 |
||
| 336 |
_2rdacontent _atext _btxt |
||
| 337 |
_aunmediated _2rdamedia _bn |
||
| 338 |
_avolume _bnc _2rdacarrier |
||